Statistiken für Sudan-Quiz

Klicken Sie hier um das Quiz zu spielen!

Allgemein

  • Dieses Quiz wurde 886 mal gespielt
  • Das Durchschnittsergebnis liegt bei 17 aus 22

Antwortstatistiken

FrageAntwort% Korrekt
NachbarlandÄgypten
98%
Längster FlussNil
97%
NachbarlandSüdsudan
97%
Am meisten praktizierte ReligionIslam
96%
Wüste, die einen Großteil Sudans ausmachtSahara
96%
NachbarlandTschad
94%
NachbarlandEritrea
93%
NachbarlandLibyen
93%
NachbarlandÄthiopien
92%
Meer, das an Sudan grenztRotes Meer
89%
AmtsspracheArabisch
88%
NachbarlandZentralafrikanische Republik
87%
Sudan hat die zweitgrößte Population dieses typischen WüstentiersKamel
85%
Sudan hat die grösste Anzahl dieser antiken Strukturen, sogar mehr als sein nördlicher NachbarPyramide
84%
HauptstadtKhartum
79%
AmtsspracheEnglisch
73%
Wichtigste Fliessgewässer des obigen FlussesWeisser Nil
67%
Wichtigste Fliessgewässer des obigen FlussesBlauer Nil
65%
Region, deren Krise seit 2003 als Völkermord bezeichnet wurdeDarfur
39%
Historische Region des Nordens SudanNubien
35%
Größte Küstenstadt SudansPort Sudan
33%
Sudanesischer Basketballspieler, der mit 2,29 m der zweitgrößte Spieler der NBA-Geschichte warManute Bol
25%

Verteilung der Resultate

Perzentil nach korrekt beantworteten Fragen

Anzahl Personen mit jedem Resultat

Ihre Resultats-Entwicklung

Sie haben dieses Quiz noch nicht gespielt